| 000 | 00806cac a22002175a 4500 | ||
|---|---|---|---|
| 005 | 20180130150702.0 | ||
| 008 | 131217s2008 ua a gr|||| 000 0 eng d | ||
| 020 | _a9771023403 | ||
| 040 |
_beng _aEG-ScBUE _cEG-ScBUE |
||
| 082 | 0 | 4 |
_a658.8 _bHAD _222 |
| 100 | 1 |
_aHaddad, Farid. _94704 |
|
| 245 | 1 | 0 |
_aMarketing excellence handbook : _bcreate the link between theory and field marketing / _cFarid Haddad. |
| 246 | 3 | 4 |
_aMarketing excellence handbook : _bcreate the link between theory & field marketing |
| 260 |
_aCairo : _bDar Al-Fikr Al-Arabi, _c2008. |
||
| 300 |
_a215 p. : _bill. ; _c24 cm. |
||
| 541 | _aDonation from Abdelrahman Finance. | ||
| 650 | 7 |
_aMarketing _xHandbooks, manuals, etc. _934679 _2BUEsh |
|
| 651 | _2BUEsh | ||
| 653 |
_cDecember2013 _bGGEN |
||
| 942 |
_cBB _k658.8 HAD _2ddc |
||
| 999 |
_c8820 _d8818 |
||